000 00456nam a22001697a 4500
005 20230415112749.0
008 230414b |||||||| |||| 00| 0 eng d
020 _a978-1-0612272-4
041 _aeng
082 _a615 WIL-H
100 _aWILDMAN ,ROBERT E. C. AND BRUNO, RICHARD S.
_97805
245 _aHANDBOOK OF NUTRACEUTICALS AND FUNCTIONAL FOODS
260 _bCRS PRESS
300 _a336;P.
650 _aPHARMACY
_xB. PHARMA
_97806
942 _cBK
999 _c8299
_d8297